Guess the Taylor Swift Song (no hints) 147 - Statistics

General Stats
  • This quiz has been taken 57 times
  • The average score is 168 of 249
Answer Stats
Answer % Correct
a
100%
We
100%
we
100%
were
100%
And
97%
I
97%
me
94%
the
91%
You
91%
you
91%
it
88%
my
88%
in
85%
No
85%
your
85%
all
82%
are
82%
be
82%
for
82%
go
82%
I'm
82%
love
82%
On
82%
to
82%
But
79%
do
79%
not
79%
they
79%
don't
76%
of
76%
was
76%
When
76%
when
76%
one
74%
so
74%
happy
71%
had
68%
now
68%
what
68%
'Cause
65%
Oh,
65%
Oh
65%
That's
65%
that's
65%
could
62%
how
62%
used
62%
up
59%
baby,
56%
baby
56%
Back
56%
back
56%
down
56%
night
56%
good
50%
good,
50%
gonna
47%
right
47%
these
47%
way
47%
anymore
44%
into
44%
those
44%
walk
41%
around
38%
'bout
38%
lights
38%
Before
35%
dark
35%
'em
35%
feel
35%
shinin'
35%
showed
35%
someday
35%
Talkin'
35%
while
35%
along
32%
bright
32%
buy
32%
daddy's
32%
farm
32%
give
32%
neck
32%
somewhere
32%
streets
32%
Tellin'
32%
touch
32%
voices
32%
water
32%
arms
29%
hate
29%
laughed
29%
much
29%
porch
29%
sun
29%
tears
29%
choices
26%
circus
26%
deserved
26%
goodbye's
26%
harder
26%
marry
26%
recall
26%
snuck
26%
sort
26%
threw
26%
watch
26%
boats
24%
No matching quizzes found
Score Distribution
Percent of People with Each Score
Percentile by Number Answered
Your Score History
You have not taken this quiz